| 000 | 00440nam a2200169Ia 4500 | ||
|---|---|---|---|
| 008 | 240729s9999 xx 000 0 und d | ||
| 022 | _a2949-9070 | ||
| 245 | 0 | _aMechanobiology in Medicine | |
| 260 | _aNetherlands | ||
| 260 | _bElsevier | ||
| 650 | _a Medical technology | ||
| 650 | _a Medicine (General) | ||
| 650 | _aMedicine | ||
| 856 | _uhttps://doaj.org/toc/a5bb05b8477a4829a5947cb5f32bc5fb | ||
| 942 | _2ddc | ||
| 942 | _cDOAJEJ | ||
| 999 |
_c67437 _d67437 |
||
| 945 |
_a1 _bMadushi Gamage _c1 _dMadushi Gamage |
||